000 00447nam a22001457a 4500
008 230606b xxu||||| |||| 00| 0 eng d
020 _a929142000 x
082 _a342.07
100 _cGuys S. GOODWIN-Gill
_d1994
245 _aFree and Fair Elections
_bInternational Law and Practice
_cInter-parliamentary Union
260 _aSwitzerland
_bInter-parliamentary Union
_c1994
300 _a123 p
710 _bInter-parliamentary Union
942 _2ddc
_cBK
999 _c619
_d619